La nueva Ley 23/2003, de Garantías (Registro nro. 34893)
[ vista simple ]
| 000 -CABECERA | |
|---|---|
| Longitud fija campo de control | 00940naa a2200277 c 4500 |
| 001 - NÚMERO DE CONTROL | |
| Número de control | 34893 |
| 003 - IDENTIFICADOR DE NÚMERO DE CONTROL | |
| Identificador del número de control | ES-MaCES |
| 005 - FECHA Y HORA DE LA ÚLTIMA TRANSACCIÓN | |
| Fecha y hora de la última transacción | 20050609105500.0 |
| 008 - CAMPO FIJO DE DESCRIPCIÓN FIJA--INFORMACIÓN GENERAL | |
| Códigos de información de longitud fija | 050524n2005 sp t 000 | spa d |
| 035 ## - NÚMERO DE CONTROL DEL SISTEMA | |
| Número de control del sistema | CES20050003711v |
| 040 ## - FUENTE DE CATALOGACIÓN | |
| Centro catalogador de origen | ES-MaCES |
| Lengua de catalogación | spa |
| Centro transcriptor | ES-MaCES |
| 100 1# - ENCABEZAMIENTO PRINCIPAL--NOMBRE PERSONAL | |
| Nombre de persona | Checa Bravo, Jesús |
| 9 (RLIN) | 9540 |
| 245 13 - MENCIÓN DE TÍTULO | |
| Título | La nueva Ley 23/2003, de Garantías |
| Mención de responsabilidad, etc. | Jesús Checa Bravo |
| 610 14 - ASIENTO SECUNDARIO DE MATERIA--NOMBRE CORPORATIVO | |
| Nombre de entidad corporativa o nombre de jurisdicción como elemento inicial | España |
| Título de la obra | Ley de garantías en la venta de bienes de consumo |
| Fecha del congreso o de la firma de un tratado | 2003 |
| 9 (RLIN) | 2934 |
| 650 #4 - ASIENTO SECUNDARIO DE MATERIA--TÉRMINO DE MATERIA | |
| Término de materia o nombre geográfico como elemento inicial | España |
| 9 (RLIN) | 26964 |
| 650 #4 - ASIENTO SECUNDARIO DE MATERIA--TÉRMINO DE MATERIA | |
| Término de materia o nombre geográfico como elemento inicial | legislación |
| 9 (RLIN) | 27153 |
| 650 #4 - ASIENTO SECUNDARIO DE MATERIA--TÉRMINO DE MATERIA | |
| Término de materia o nombre geográfico como elemento inicial | consumidor |
| 9 (RLIN) | 27902 |
| 650 #4 - ASIENTO SECUNDARIO DE MATERIA--TÉRMINO DE MATERIA | |
| Término de materia o nombre geográfico como elemento inicial | código civil |
| 9 (RLIN) | 30028 |
| 650 #4 - ASIENTO SECUNDARIO DE MATERIA--TÉRMINO DE MATERIA | |
| Término de materia o nombre geográfico como elemento inicial | protección del consumidor |
| 9 (RLIN) | 29407 |
| 650 #4 - ASIENTO SECUNDARIO DE MATERIA--TÉRMINO DE MATERIA | |
| Término de materia o nombre geográfico como elemento inicial | bien de consumo |
| 9 (RLIN) | 27906 |
| 653 10 - TÉRMINO DE INDEXACIÓN--NO CONTROLADO | |
| Término no controlado | Consumo |
| 773 0# - ENTRADA DE DOCUMENTO FUENTE | |
| Título | Estudios sobre consumo |
| Parte(s) relacionada(s) | año 18, n. 72 (2005){10419 R. 060359}; p. 9-30 |
| Número de control del registro relacionado | (ES-MaCES)25429 |
| Itemnumber del ítem fuente | 57305 |
| 902 ## - CES. TIPO DE DOCUMENTO | |
| Tipodoc (006$c Sirtex) | ART Artículo de revista |
| 942 ## - ELEMENTOS KOHA | |
| Fuente de clasificaión o esquema | Clasificación propia del CES |
| Koha [por defecto] tipo de item | Artículos (1982-2017) |
| Parte de clasificación | 3.2. |
No hay ítems disponibles.
